000 00676cam a2200217 4500
001 sa 68020102
003 DLC
005 20260227112722.0
008 730418s1966 io 000 0 eng
010 _asa 68020102
025 _aPL480:Indo-5383
040 _aDLC
_cDLC
_dDLC
043 _aa-io---
050 0 0 _aJS7205.D548
_bM337
100 1 _aMuljana, Slamet,
_d1922-1986.
245 1 4 _aThe structure of the national government of Madjapahit,
_cby Slametmuljana.
260 _aDjakarta,
_bBalai Pustaka,
_c1966.
300 _a31 p.
_c22 cm.
500 _aExcerpt from the author's Menudju puntjak kemegahan.
651 0 _aMadjapahit (Indonesia)
_xPolitics and government.
999 _c89242
_d89242